Les 10 villes les plus peuplées des Hautes-Alpes (05) - Statistiques

Statistiques générales
  • Ce quiz a été pris 65 fois
  • Le résultat moyen est 5 sur 10
Statistiques - réponses
Population Communes % Correct
40 700 Gap
100%
10 700 Briançon
95%
6 400 Embrun
74%
3 100 Chorges
48%
2 300 Tallard
45%
2 300 Guillestre
43%
3 200 Veynes
41%
3 600 Laragne-Montéglin
29%
2 300 L'Argentière-la-Bessée
24%
2 600 La Bâtie-Neuve
12%
Aucun quiz correspondant
Distribution des résultats
% des personnes avec chaque résultat
Percentile par nombre de réponses
Votre historique - résultats
Vous n’avez pas pris ce quiz